书目信息 |
| 题名: |
制冷与空调技术
|
|
| 作者: | 米勒 著 ;邬振耀 译 | |
| 分册: | ||
| 出版信息: | 上海 上海交通大学出版社 1990.1 |
|
| 页数: | 312页 | |
| 开本: | 26cm | |
| 丛书名: | ||
| 单 册: | ||
| 中图分类: | TB6 | |
| 科图分类: | ||
| 主题词: | 制冷工程 | |
| 电子资源: | ||
| ISBN: | 7-313-00513-X | |
| 000 | 00608nam0 2200205 45 | |
| 001 | 0312221749 | |
| 005 | 20060426143733.48 | |
| 010 | @a7-313-00513-X@dCNY6.80 | |
| 100 | @a20031222d1990 km y0chiy0120 ea | |
| 101 | @achi@ceng | |
| 102 | @aCN@b310000 | |
| 200 | 1 | @a制冷与空调技术@AZhi Leng Yu Kong Diao Ji Shu@f(美)雷克斯·米勒著@F(mei)lei ke si·mi le zhu@g邬振耀等译 |
| 210 | @a上海@c上海交通大学出版社@d1990.1 | |
| 215 | @a312页@d26cm | |
| 606 | 0 | @a制冷工程 |
| 690 | @aTB6@v4 | |
| 701 | 0 | @a米勒@Ami le@4著 |
| 702 | 0 | @a邬振耀@Awu zhen yao@4译 |
| 801 | @aCN@bTSTCL@c20060426 | |
| 905 | @a213230@dTB6@e23 | |
| 制冷与空调技术/(美)雷克斯·米勒著/邬振耀等译.-上海:上海交通大学出版社,1990.1 |
| 312页;26cm |
| ISBN 7-313-00513-X:CNY6.80 |
| ● |
| 相关链接 |
|
|
|
|
正题名:制冷与空调技术
索取号:TB6/23
 
预约/预借
| 序号 | 登录号 | 条形码 | 馆藏地/架位号 | 状态 | 备注 |
| 1 | 0240108 | 001464980 | 密集书库/ [索取号:TB6/23] | 在馆 | |
| 2 | 0240109 | 001360075 | 第二样本阅览室/ [索取号:TB6/23] | 在馆 | |
| 3 | 0240110 | 202234411 | 密集书库/ [索取号:TB6/23] | 在馆 |